000 00938cam a2200133 4500500
005 20251214002711.0
041 _afre
042 _adc
100 1 0 _aTouratier, Christian
_eauthor
245 0 0 _aLa sémantique
260 _bArmand Colin,
_c2010.
520 _aChristian Touratier, agrégé de grammaire et professeur émérite de linguistique générale à l'université de Provence, a écrit des livres et des articles sur la langue française, et sur de nombreuses langues romanes, indo-européennes et non indo-européennes. 1. Définitions liminaires 2. Sémantique structurale 3. Fonctionnement et utilisation du sémème 4. Homonymie et polysémie 5. Sémantique du verbe 6. Sémantique du nom et du SN 7. Sémantique de la phrase 8. Sémantique de l’énoncé 9. Sémantique du texte 10. Sémantique et informatique
856 4 1 _uhttps://shs.cairn.info/la-semantique--9782200250089?lang=fr&redirect-ssocas=7080
999 _c1567335
_d1567335